Managing Sustainable Luxury and Digitalization (Record no. 81348)

MARC details
000 -LEADER
fixed length control field 03153namaa2200469uu 4500
001 - CONTROL NUMBER
control field doab134634
003 - CONTROL NUMBER IDENTIFIER
control field oapen
005 - DATE AND TIME OF LATEST TRANSACTION
control field 20260218110447.0
006 - FIXED-LENGTH DATA ELEMENTS--ADDITIONAL MATERIAL CHARACTERISTICS
fixed length control field m o d
007 - PHYSICAL DESCRIPTION FIXED FIELD--GENERAL INFORMATION
fixed length control field cr|mn|---annan
008 - FIXED-LENGTH DATA ELEMENTS--GENERAL INFORMATION
fixed length control field 240223s2024 xx |||||o ||| 0|eng d
020 ## - INTERNATIONAL STANDARD BOOK NUMBER
International Standard Book Number 9781003397205
020 ## - INTERNATIONAL STANDARD BOOK NUMBER
International Standard Book Number 9781003397205
020 ## - INTERNATIONAL STANDARD BOOK NUMBER
International Standard Book Number 9781003818168
020 ## - INTERNATIONAL STANDARD BOOK NUMBER
International Standard Book Number 9781032501772
024 7# - OTHER STANDARD IDENTIFIER
Standard number or code 10.4324/9781003397205
Source of number or code doi
040 ## - CATALOGING SOURCE
Original cataloging agency oapen
Transcribing agency oapen
Modifying agency
041 0# - LANGUAGE CODE
Language code of text/sound track or separate title eng
042 ## - AUTHENTICATION CODE
Authentication code dc
245 00 - TITLE STATEMENT
Title Managing Sustainable Luxury and Digitalization
Remainder of title Technology Trends and Ethical Challenges in the Swiss Luxury Watch Business
260 ## - PUBLICATION, DISTRIBUTION, ETC.
Name of publisher, distributor, etc. Taylor & Francis
Date of publication, distribution, etc. 2024
300 ## - PHYSICAL DESCRIPTION
Extent 1 online resource (140 p.)
336 ## - CONTENT TYPE
Content type term text
Content type code txt
Source rdacontent
337 ## - MEDIA TYPE
Media type term computer
Media type code c
Source rdamedia
338 ## - CARRIER TYPE
Carrier type term online resource
Carrier type code cr
Source rdacarrier
490 1# - SERIES STATEMENT
Series statement Routledge Studies in Luxury Management
506 0# - RESTRICTIONS ON ACCESS NOTE
Standardized terminology for access restriction Unrestricted online access
Source of term star
520 ## - SUMMARY, ETC.
Summary, etc. This book offers new transdisciplinary perspectives on luxury, exploring the topical phenomenon of digitally retouched (censored) and blockchain-secured (sensored) luxury watches and outlining implications that emerge for the field of luxury studies and managerial practice. Based on a cross-disciplinary approach, the book integrates theoretical and empirical perspectives to advance the readers' understanding of luxury. With a particular focus on the Swiss luxury watch context, the book thereby draws on qualitative, quantitative, and archival data to shed new light on recent luxury trends, integrating literature on aesthetics of labour, conspicuous consumption, Gestalt theory, ethical theory, functional theories of attitudes, and surveillance studies. Eight chapters take the readers through a range of topical challenges arising with the display and changing moral perceptions of luxury and shifts that the luxury watch sector is facing in light of the digital transformation impacting luxury goods and the luxury management environment. This unique book will be of value for academics, scholars, and upper-level students across management studies with a particular interest in the luxury and fashion industries, luxury management, brand management, business ethics, and digital transformation. With a foreword by Thomaï Serdari, Leonard N. Stern School of Business, New York University.
536 ## - FUNDING INFORMATION NOTE
Text of note Schweizerischer Nationalfonds zur Förderung der Wissenschaftlichen Forschung
540 ## - TERMS GOVERNING USE AND REPRODUCTION NOTE
Terms governing use and reproduction Creative Commons
-- https://creativecommons.org/licenses/by-nc-nd/4.0/
-- cc
Uniform Resource Identifier <a href="https://creativecommons.org/licenses/by-nc-nd/4.0/">https://creativecommons.org/licenses/by-nc-nd/4.0/</a>
546 ## - LANGUAGE NOTE
Language note English
650 #7 - SUBJECT ADDED ENTRY--TOPICAL TERM
Topical term or geographic name entry element Business strategy
Source of heading or term bicssc
650 #7 - SUBJECT ADDED ENTRY--TOPICAL TERM
Topical term or geographic name entry element Economics
Source of heading or term bicssc
650 #7 - SUBJECT ADDED ENTRY--TOPICAL TERM
Topical term or geographic name entry element Fashion and beauty industries
Source of heading or term bicssc
650 #7 - SUBJECT ADDED ENTRY--TOPICAL TERM
Topical term or geographic name entry element Research and development management
Source of heading or term bicssc
650 #7 - SUBJECT ADDED ENTRY--TOPICAL TERM
Topical term or geographic name entry element Sales and marketing
Source of heading or term bicssc
720 1# - ADDED ENTRY--UNCONTROLLED NAME
Name Schultz, Mario D.
Relator code aut
720 1# - ADDED ENTRY--UNCONTROLLED NAME
Name Seele, Peter
Relator code aut
793 0# -
-- DOAB Library.
856 ## - ELECTRONIC LOCATION AND ACCESS
Uniform Resource Identifier <a href="https://docs.google.com/spreadsheets/d/1yKIrdCPDAG_9c22mwoOIO2DOhtj65Wqa/edit?usp=sharing&ouid=106555315294820607512&rtpof=true&sd=true ">https://docs.google.com/spreadsheets/d/1yKIrdCPDAG_9c22mwoOIO2DOhtj65Wqa/edit?usp=sharing&ouid=106555315294820607512&rtpof=true&sd=true </a>
Link text List of Curated E-Books
942 ## - ADDED ENTRY ELEMENTS (KOHA)
Koha item type E-Book
Holdings
Withdrawn status Damaged status Not for loan Home library Current library Date acquired Total Checkouts Date last seen Price effective from Koha item type
      Directory of Open Access Books Directory of Open Access Books 12/09/2024   12/09/2024 12/09/2024 E-Book

University of Rizal System
Email us at univlibservices@urs.edu.ph

Visit our Website www.urs.edu.ph/library